4 à la suite - La réponse est une lettre - Statistiques

Statistiques générales
  • Ce quiz a été pris 357 fois
  • Le résultat moyen est 11 sur 12
Statistiques - réponses
Réponse % Correct
E
100%
A (andouillette AAAAA)
97%
K (Ku Klux Klan)
97%
T (la Ford T)
96%
Y
96%
F
95%
N
95%
Z
95%
C
94%
S
94%
V
94%
U
92%
Aucun quiz correspondant
Distribution des résultats
% des personnes avec chaque résultat
Percentile par nombre de réponses
Votre historique - résultats
Vous n’avez pas pris ce quiz